000 01377nam0a2200313 4500
001 RU\NLR\ONL2\19573
005 20250613131900.0
010 _a978-5-85247-409-4
_91500
035 _a(NLR Aleph) 009667158
090 _a9642840
_c9642840
100 _a20110127d2010 |||y0rusy50 ca
101 0 _atat
102 _aRU
105 _aa |||||||||
200 1 _aАктанышым - ак илем : Тарих. Икътисад. Мэдэният. Шэхеслэр
_f[төз., ф. hэм эдэби мөх-рир И. Хэлиуллин
_gфот. Р. Эхмэтов]
210 _aКазан
_cИдел-Пресс
_d2010
215 _a539,[3] б.
_cфот., портр.
_d29
300 _aНа авантит.: Актаныш авылы нигезлэнугэ - 300 ел, Актаныш районы төзелугэ 80 ел тулуга багышлана.
541 1 _aАктаныш - край мой лучезарный
_e[история Актаныш. р-на Респ. Татарстан].
_zrus
606 0 _aТатарская деревня
_xИстория
_92175442
_3RU\NLR\auth-onl\66106
686 1 _aТ3(2Р-6Т)-9
702 1 _aХэлиуллин
_bИ.
_gИлшат
_4220
801 0 _aRU
_bNLR
_c20110127
_gPSBO
852 _aNLR
_bОНЛ
_jТатар./5-559
942 _cBOOK
980 _aNB
980 _aONL_RF